Ester, Judit, Rut, Tobías. Apócrifos del Antiguo Testamento.

Gardado en:
Detalles Bibliográficos
Autor Principal: Castillo Chouza, Ana Laura (autora)
Outros autores: Fierro Nuño, Gabriel (autor)
Formato: Unknown
Idioma:inglés
Publicado: Navarra, España: Verbo Divino (EVD), 2009.
Series:Biblioteca Bíblica Básica,
Subjects:
Tags: Engadir etiqueta
Sen Etiquetas, Sexa o primeiro en etiquetar este rexistro!

MARC

LEADER 00000 a2200000 4500
003 CL-VaPUC
005 20241211151508.0
008 231120t2009 ||||| |||| 00| 0 eng d
999 |c 442367  |d 442365 
020 |a 978-84-8169-915-9 
040 |c Pontificia Universidad Católica de Valparaíso 
082 |2 22  |a 229.2 CAS 2009 
100 |a Castillo Chouza, Ana Laura  |9 885655  |e autora 
245 |a Ester, Judit, Rut, Tobías.  |b Apócrifos del Antiguo Testamento. 
260 |a Navarra, España:  |b Verbo Divino (EVD),  |c 2009. 
300 |a 348 páginas.  
490 |a Biblioteca Bíblica Básica,   |n  12. 
583 |k GC  |c 20231120 
650 0 |a Biblia  |x Antiguo testamento  |v Análisis e interpretación  |9 870733 
700 |9 585725  |a Fierro Nuño, Gabriel  |e autor 
942 |2 ddc  |c BK 
952 |0 0  |1 0  |2 ddc  |4 0  |6 229_200000000000000_CAS_2009  |7 0  |8 A  |9 592366  |a BIBTEO  |b BIBTEO  |c GEN  |d 2023-11-09  |e 8  |g 11409.00  |i 5659399  |o 229.2 CAS 2009  |p 5659399  |r 2025-01-17  |t 1  |v 11409.00  |w 2023-11-09  |y BK  |k ICR